Rivières et Fleuves français sur une carte - Hardcore - Statistiques

Statistiques générales
  • Ce quiz a été pris 8 284 fois
  • Le résultat moyen est 56 sur 403
Réponses sur la Carte
Les réponses sont colorées sur une échelle allant du rouge au vert en fonction du pourcentage des utilisateurs qui les ont devinées à leur premier essai. Vous pouvez retrouver ces pourcentages ci-dessous.
 
Statistiques - réponses
Longueur Cours d'eau % Correct
775 km Seine
94%
319 km Loir
93%
543 km Rhône
92%
523 km Garonne
88%
188 km Rhin
87%
1006 km Loire
82%
84 km Meu
71%
514 km Marne
70%
473 km Saône
70%
365 km Cher
65%
314 km Moselle
65%
486 km Meuse
63%
380 km Tarn
63%
485 km Lot
62%
114 km Var
62%
483 km Dordogne
61%
341 km Oise
59%
245 km Somme
59%
218 km Vilaine
59%
190 km Ain
58%
430 km Doubs
58%
229 km Eure
58%
286 km Isère
58%
224 km Aude
57%
381 km Charente
57%
421 km Allier
56%
161 km Meurthe
56%
356 km Aisne
55%
249 km Aube
55%
280 km Indre
55%
62 km Vie
55%
56 km Yon
55%
128 km Gard/Gardon
54%
363 km Vienne
53%
125 km Ardèche
52%
217 km Ill
52%
148 km Hérault
51%
170 km | 86 km Orne
51%
263 km Creuse
50%
111 km | 58 km Drôme
50%
314 km Sarthe
50%
175 km Gers
47%
203 km Mayenne
47%
291 km Aveyron
46%
163 km Ariège
45%
66 km
45%
50 km Nièvre
45%
292 km Yonne
45%
95 km Corrèze
44%
68 km Maine
44%
323 km Durance
40%
308 km Adour
36%
101 km Essonne
31%
82 km Vendée
29%
180 km Escaut
28%
89 km Aa
26%
158 km Sèvre Niortaise
26%
128 km Vire
26%
142 km Sèvre Nantaise
23%
167 km Verdon
23%
58 km Yvel
23%
191 km Gave de Pau
21%
127 km | 83 km Arc
18%
104 km | 63 km Rance
18%
76 km Ellé
16%
255 km Isle
16%
144 km Aulne
15%
130 km Drac
14%
97 km Erdre
14%
148 km Gave d'Oloron
14%
143 km Loing
14%
119 km Lys
14%
116 km Argens
13%
100 km Arve
13%
188 km Baïse
13%
129 km Sarre
13%
115 km Têt
13%
211 km Vézère
13%
149 km Blavet
12%
97 km Couesnon
12%
59 km Deûle
12%
119 km Lay
12%
136 km Orb
12%
74 km Lez
11%
122 km | 51 km Loue
11%
79 km Nive
11%
63 km Odet
11%
214 km Ognon
11%
54 km Orge
11%
90 km Sambre
11%
100 km Canche
10%
128 km Cèze
10%
72 km Dive
10%
205 km Gartempe
10%
145 km Oust
10%
101 km | 138 km Seille
10%
164 km Sioule
10%
61 km Sor
10%
194 km Agout
9%
202 km Armançon
9%
108 km Authie
9%
62 km Bar
9%
115 km Beuvron
9%
120 km Cère
9%
144 km Clain
9%
140 km Dore
9%
201 km Dronne
9%
116 km Eyre/Leyre
9%
132 km Iton
9%
86 km Ourcq
9%
145 km Risle
9%
79 km Scorff
9%
83 km Tille
9%
108 km Touques
9%
167 km Truyère
9%
114 km Aigue/Eygues
8%
126 km Aire
8%
56 km Arn
8%
128 km Arroux
8%
67 km Bès
8%
85 km Buëch
8%
104 km Célé
8%
127 km Chiers
8%
113 km Cure
8%
124 km Douze
8%
113 km Epte
8%
72 km Fier
8%
89 km Golo
8%
118 km Grand Morin
8%
165 km Huisne
8%
152 km Midouze
8%
95 km Ouche
8%
184 km Sauldre
8%
144 km Save
8%
94 km Scarpe
8%
188 km Serein
8%
89 km Tavignano
8%
85 km Tech
8%
143 km Thouet
8%
80 km Agly
7%
151 km Arnon
7%
101 km Aron
7%
131 km Arrats
7%
112 km Auvézère
7%
66 km | 80 km Avre
7%
106 km Besbre
7%
68 km Bresle
7%
105 km Dives
7%
92 km Don
7%
56 km Élorn
7%
136 km Gimone
7%
135 km Hers-Vif
7%
61 km Lié
7%
69 km Luy
7%
116 km Ornain
7%
120 km Osse
7%
103 km Oudon
7%
93 km Ouvèze
7%
78 km Romanche
7%
78 km Sée
7%
85 km Sélune
7%
68 km Seudre
7%
93 km Sienne
7%
56 km Thon/Ton
7%
83 km Ubaye
7%
59 km Vanne
7%
139 km Vesle
7%
168 km Viaur
7%
95 km Vidourle
7%
58 km Vis
7%
98 km Yerres
7%
87 km Alagnon
6%
57 km Andelle
6%
91 km Anglin
6%
131 km Arros
6%
66 km Arz
6%
75 km Asse
6%
82 km Aure
6%
100 km Authion
6%
62 km Azergues
6%
69 km Bienne
6%
86 km Boulogne
6%
99 km Boutonne
6%
53 km | 54 km | 72 km Brenne
6%
77 km Bruche
6%
51 km Canne
6%
52 km Chalaronne
6%
85 km Chassezac
6%
65 km Chère
6%
88 km Cisse
6%
95 km Cosson
6%
116 km Dadou
6%
71 km Dheune
6%
79 km Douve
6%
70 km Doux
6%
132 km Dropt
6%
92 km Èvre
6%
83 km Eyrieux
6%
117 km Gabas
6%
61 km Gardon d'Alès
6%
58 km Gave d'Aspe
6%
97 km Grosne
6%
50 km Guiers
6%
52 km Guil
6%
89 km Hers-Mort
6%
90 km Layon
6%
58 km Léguer
6%
70 km Lèze
6%
100 km Louge
6%
82 km Moder
6%
69 km Moine
6%
73 km Neste
6%
97 km Nied (Nied Française)
6%
100 km Ource
6%
95 km Petite Creuse
6%
86 km Petit Morin
6%
57 km Rhue
6%
56 km Rivière d'Auray/Loc'h
6%
115 km Saulx
6%
97 km Seiche
6%
96 km Serre
6%
72 km Seulles
6%
113 km Tardoire
6%
108 km Taurion
6%
94 km Thérain
6%
70 km Tinée
6%
72 km Trieux
6%
80 km Yèvre
6%
97 km Zorn
6%
63 km Acolin
5%
67 km Aff
5%
59 km Ailette
5%
59 km Albarine
5%
77 km Ance
5%
99 km Arconce
5%
71 km Argenton
5%
53 km Arguenon
5%
84 km Arize
5%
54 km Artuby
5%
61 km Aubetin
5%
56 km Aumance
5%
77 km Auron
5%
67 km Autise
5%
62 km Auxance
5%
56 km Avance
5%
91 km Bandiat
5%
79 km Benaize
5%
61 km Béthune
5%
82 km Bidouze
5%
86 km Blaise
5%
70 km Bléone
5%
65 km Bouble
5%
84 km Bourbince
5%
72 km Bourbre
5%
75 km Braye
5%
55 km Céou
5%
54 km Cesse
5%
63 km Charentonne
5%
69 km Chée
5%
54 km Chéran
5%
97 km Ciron
5%
62 km Claie
5%
87 km Claise
5%
87 km Coulon/Calavon
5%
67 km Cousin
5%
72 km Dourbie
5%
87 km Dourdou de Camarès
5%
65 km Ernée
5%
71 km Erve
5%
67 km Estéron
5%
52 km Falleron
5%
56 km Galaure
5%
92 km Gélise
5%
52 km Goul
5%
69 km Helpe Majeure
5%
51 km Helpe Mineure
5%
61 km Indrois
5%
69 km Isac
5%
58 km Jouanne
5%
53 km Juine
5%
64 km Lanterne
5%
51 km | 55 km Largue
5%
58 km Lathan
5%
59 km Lignon du Forez
5%
85 km Lignon du Velay
5%
86 km Louts
5%
77 km Luy de Béarn
5%
85 km Luy de France
5%
97 km Madon
5%
93 km Maronne
5%
69 km Maulde
5%
68 km Morge
5%
75 km Mortagne
5%
53 km Nesque
5%
58 km Nied Allemande
5%
84 km Orbieu
5%
53 km Orne Saosnoise
5%
84 km Ouanne
5%
75 km Petite Baïse
5%
63 km Petite Sauldre
5%
58 km Petit Lay
5%
75 km Reyssouze
5%
60 km Rhins/Reins
5%
73 km Rognon
5%
66 km Roubion
5%
72 km Saison
5%
74 km Salat
5%
72 km Salon
5%
55 km Sâne Morte
5%
64 km Sauer
5%
50 km Semme
5%
55 km Sevron
5%
82 km Suippe
5%
74 km Suran
5%
65 km Taravo
5%
77 km Tardes
5%
53 km Thur
5%
74 km Touch
5%
60 km Touloubre
5%
60 km Varenne
5%
85 km Vègre
5%
52 km Vère
5%
67 km Veyle
5%
93 km Vingeanne
5%
73 km Vonne
5%
56 km Alène
4%
68 km Aujon
4%
62 km Auroue
4%
56 km Auvignon
4%
74 km Auzoue
4%
61 km Barguelonne
4%
50 km Barse
4%
63 km Bouès
4%
84 km Bouzanne
4%
60 km Brame
4%
56 km Briance
4%
56 km Céor
4%
87 km Cérou
4%
56 km Chapeauroux
4%
54 km Chavanon
4%
76 km Clouère
4%
58 km Colagne
4%
52 km Côle
4%
50 km Colmont
4%
55 km Côney
4%
54 km Diège
4%
84 km Dourdou de Conques
4%
51 km Doustre
4%
64 km Échez
4%
52 km Estampon
4%
56 km Ével
4%
59 km Fouzon
4%
63 km Fresquel
4%
52 km Gesse
4%
50 km Gijou
4%
64 km Girou
4%
54 km Lary
4%
54 km Lède
4%
56 km Léez
4%
62 km Leff
4%
57 km Lemboulas
4%
61 km Lizonne
4%
53 km Loison
4%
51 km Lunain
4%
64 km Luzège
4%
63 km Mouzon
4%
60 km Ninian
4%
67 km Othain
4%
51 km Rahin
4%
54 km Rère
4%
55 km Rupt de Mad
4%
52 km Salleron
4%
73 km Semnon
4%
63 km Senouire
4%
65 km Séoune
4%
83 km Seugne
4%
50 km Smagne
4%
62 km Solnan
4%
60 km Somme-Soude
4%
56 km Sormonne
4%
52 km Soulles
4%
62 km Thoré
4%
52 km Thouaret
4%
51 km Triouzoune
4%
54 km Vaige
4%
65 km Vair
4%
51 km Vallière
4%
57 km Vauvise
4%
52 km Verzée
4%
75 km Vezouze
4%
50 km Vincou
4%
56 km Voire
4%
54 km Voueize
4%
Aucun quiz correspondant
Distribution des résultats
% des personnes avec chaque résultat
Percentile par nombre de réponses
Votre historique - résultats
Vous n’avez pas pris ce quiz